| 000 | 00602nam a2200229Ia 4500 | ||
|---|---|---|---|
| 008 | 180523s9999 xx 000 0 und d | ||
| 020 | _a971-836-020-4 | ||
| 050 | _aMAIN PL 2517 | ||
| 050 | _b.W8 2002 | ||
| 100 | _aWu, Tinna K. | ||
| 245 | 0 | _aThrity tang poems : | |
| 245 | 0 | _bwith english translations / | |
| 245 | 0 | _cTinna K. Wu. | |
| 260 | _aQuezon City: | ||
| 260 | _bJc, Lucas Creative Products, Inc., | ||
| 260 | _c2002 | ||
| 300 | _a62 pages : | ||
| 300 | _bcolored illustrations ; | ||
| 300 | _c24 cm. | ||
| 650 | _aPoetry -- Chinese. | ||
| 650 | _xPoetry -- Collected works. | ||
| 999 |
_c357396 _d357396 |
||